[Event "BEL-ch op"]
[Site "Namur"]
[Date "2006.07.01"]
[Round "1"]
[White "Corda, Thierry"]
[Black "Bolzoni, Victor Angel"]
[Result "1-0"]
[WhiteElo "1711"]
[BlackElo "2202"]
[PlyCount "81"]
[EventDate "2006.07.01"]
[EventType "swiss"]
[EventRounds "9"]
[EventCountry "BEL"]
[SourceTitle "CBM 113 Extra"]
[Source "ChessBase"]
[SourceDate "2006.09.14"]
[SourceVersion "1"]
[SourceVersionDate "2006.09.14"]
[SourceQuality "1"]

1. Nf3 Nf6 2. c4 c5 3. d4 cxd4 4. Nxd4 e5 5. Nb5 d5 6. cxd5 Bc5 7. e3 0-0 8. Be2 Nxd5 9. N1c3 Nb4 10. a3 Qxd1+ 11. Bxd1 Nd3+ 12. Ke2 Nxc1+ 13. Rxc1 Nc6 14. Ne4 Be7 15. Bb3 Rb8 16. Nbd6 Bd7 17. Nc5 Bg4+ 18. f3 Bxf3+ 19. gxf3 Bxd6 20. Nd7 Rbd8 21. Nxf8 Kxf8 22. Rhd1 f5 23. Bd5 Ke7 24. Bxc6 bxc6 25. Rxc6 g5 26. Ra6 Rd7 27. Rdxd6 Rxd6 28. Rxa7+ Kf8 29. Rxh7 Rb6 30. b4 Ra6 31. Rh5 Kg7 32. Rxg5+ Kf6 33. Rg1 Rxa3 34. Rb1 e4 35. fxe4 fxe4 36. Rb2 Ra1 37. Kd2 Ke5 38. b5 Rh1 39. Kc3 Rc1+ 40. Kb3 Kd6 41. b6 1-0